000 00263nam a2200085Ia 4500
245 0 _aDecorative origami : over 25 innovative paperfolding projects
100 _a BEECHER, Rick London, 2003
_992938
942 _cBK
008 210817s9999 xx 000 0 und d
999 _c399366
_d399365